[Event "Superettan(SS 4 Springare-Burgsvik)"]
[Site "?"]
[Date "2023.01.21"]
[Round "4"]
[White "Poley, Vladimir"]
[Black "Larsson, Victor"]
[Result "1-0"]
[WhiteElo "2318"]
[BlackElo "2181"]
[PlyCount "111"]
[SourceVersionDate "2023.02.10"]

1. Nf3 d5 2. g3 Nf6 3. Bg2 e6 4. O-O Be7 5. b3 O-O 6. Bb2 b6 7. c4 Bb7 8. cxd5
Nxd5 9. d4 Nf6 10. Nbd2 c5 11. dxc5 Bxc5 12. Qc2 Nbd7 13. Rac1 Rc8 14. Qb1 Qe7
15. Rc4 e5 16. Rh4 h6 17. Nc4 Rfe8 18. Nfxe5 Bxg2 19. Kxg2 b5 20. Nxd7 Nxd7 21.
Nd2 Qxe2 22. Ne4 Ne5 23. Bxe5 Rxe5 24. Re1 Rxe4 25. Rxe2 Rxe2 26. Rf4 Bb6 27.
Qf5 Rcc2 28. Qxf7+ Kh7 29. Qf5+ Kh8 30. a3 Rxf2+ 31. Rxf2 Rxf2+ 32. Qxf2 Bxf2
33. Kxf2 Kh7 34. Ke3 Kg6 35. Kd4 Kf5 36. Kc5 Kg4 37. Kxb5 h5 38. Ka6 Kh3 39.
Kxa7 Kxh2 40. b4 g5 41. b5 Kxg3 42. b6 h4 43. b7 g4 44. b8=Q+ Kh3 45. Qc8 Kg3
46. Qc7+ Kg2 47. Qf4 Kh3 48. Qf1+ Kh2 49. Qf2+ Kh3 50. Qg1 g3 51. Qh1+ Kg4 52.
a4 h3 53. Qe4+ Kg5 54. Qf3 g2 55. Qg3+ Kf6 56. a5 1-0

[Event "Superettan(Upsala-Lulea)"]
[Site "?"]
[Date "2023.01.21"]
[Round "4"]
[White "Wagner, Stephan"]
[Black "Marcussen, Arno"]
[Result "1-0"]
[WhiteElo "2254"]
[BlackElo "2185"]
[PlyCount "93"]
[SourceVersionDate "2023.02.11"]

1. c4 Nf6 2. Nc3 g6 3. g3 Bg7 4. Bg2 O-O 5. e4 d6 6. Nge2 c5 7. a3 Nc6 8. Rb1
Ne5 9. d3 Bg4 10. O-O Bf3 11. Bxf3 Nxf3+ 12. Kg2 Ne5 13. b4 b6 14. h3 Nc6 15.
b5 Nd4 16. Bg5 h6 17. Nxd4 hxg5 18. Nc6 Qd7 19. Nd5 e6 20. Nxf6+ Bxf6 21. Qg4
a6 22. a4 axb5 23. axb5 Kg7 24. Rbd1 Qc8 25. f4 Ra2+ 26. Kg1 e5 27. fxg5 Bxg5
28. Qxg5 Qxh3 29. Qf6+ Kh6 30. Qh4+ Qxh4 31. gxh4 f5 32. Ne7 f4 33. Rf2 Rfa8
34. Nd5 Rxf2 35. Kxf2 Ra2+ 36. Kf3 Rh2 37. Nxb6 Kh5 38. Rg1 Rxh4 39. Kg2 g5 40.
Nd5 g4 41. Kf2 g3+ 42. Kf3 Kg5 43. b6 Rh2 44. Rg2 Rh1 45. Rb2 Rd1 46. b7 Rxd3+
47. Ke2 1-0

[Event "Superettan(Orebro-Orgryte)"]
[Site "?"]
[Date "2023.01.21"]
[Round "4"]
[White "Lundin, Jan"]
[Black "Torngren, Gustav"]
[Result "1-0"]
[WhiteElo "2209"]
[BlackElo "2257"]
[PlyCount "77"]
[SourceVersionDate "2023.02.11"]

1. e4 c5 2. Nc3 Nc6 3. g3 g6 4. Bg2 Bg7 5. d3 d6 6. f4 e5 7. Nh3 h5 8. Ng5 Bg4
9. Qd2 f6 10. Nf3 Nge7 11. a3 Qd7 12. Rb1 Nd4 13. O-O O-O 14. b4 b6 15. Nd1
Nxf3+ 16. Bxf3 Bxf3 17. Rxf3 d5 18. fxe5 fxe5 19. Rxf8+ Rxf8 20. bxc5 h4 21.
Nf2 bxc5 22. Qe2 Nc6 23. c3 d4 24. c4 Nd8 25. Kg2 Ne6 26. Rb5 Qf7 27. a4 Bf6
28. Ng4 Bg5 29. Bxg5 h3+ 30. Kg1 Qf3 31. Qxf3 Rxf3 32. Rb8+ Kg7 33. Bf6+ Rxf6
34. Nxf6 Kxf6 35. Ra8 g5 36. Rxa7 g4 37. Rb7 Ng5 38. Rb2 Nf3+ 39. Kf1 1-0

[Event "Superettan(SS 4 Springare-Burgsvik)"]
[Site "?"]
[Date "2023.01.21"]
[Round "4"]
[White "Haitin, Ilja"]
[Black "Kassani, Sam"]
[Result "1-0"]
[WhiteElo "2337"]
[BlackElo "2170"]
[PlyCount "57"]
[EventDate "2023.??.??"]
[SourceVersionDate "2023.02.10"]

1. Nf3 Nf6 2. g3 b5 3. d4 Bb7 4. e3 b4 5. a3 a5 6. axb4 axb4 7. Rxa8 Bxa8 8.
Nbd2 e6 9. Nb3 Be7 10. Bg2 O-O 11. O-O d6 12. Qe2 Nbd7 13. Bd2 Qb8 14. Ra1 Rc8
15. Qa6 c5 16. Ne5 Bxg2 17. Nxd7 Qb7 18. Qxb7 Bxb7 19. Ra7 Bf3 20. dxc5 Ne4 21.
Nb6 Re8 22. c6 Nxd2 23. c7 Nxb3 24. cxb3 Bf6 25. c8=Q Rxc8 26. Nxc8 Bxb2 27.
Nxd6 h6 28. Ra4 Ba3 29. Nc4 1-0

[Event "Superettan(Upsala-Lulea)"]
[Site "?"]
[Date "2023.01.21"]
[Round "4"]
[White "Hovhannisyan, Hrayr"]
[Black "Johansson, Thomas"]
[Result "1-0"]
[WhiteElo "2192"]
[BlackElo "2194"]
[PlyCount "87"]
[SourceVersionDate "2023.02.11"]

1. e4 c5 2. Nc3 Nc6 3. g3 g6 4. Bg2 Bg7 5. d3 d6 6. Be3 e6 7. Qd2 Rb8 8. Nge2
Nd4 9. O-O b5 10. f4 Ne7 11. g4 b4 12. Nd1 f5 13. c3 bxc3 14. bxc3 Nxe2+ 15.
Qxe2 O-O 16. Bd2 Qc7 17. Ne3 fxe4 18. dxe4 Rb6 19. g5 Ba6 20. c4 Rb2 21. Ng4
Bd4+ 22. Kh1 Qa5 23. Nf6+ Kg7 24. Bxa5 Rxe2 25. Rab1 Rc8 26. Bc7 Ng8 27. Bxd6
Nxf6 28. gxf6+ Kxf6 29. e5+ Kg7 30. Rfc1 Be3 31. Bb7 Bxc1 32. Bxa6 Re1+ 33. Kg2
Rc6 34. Rb7+ Kh6 35. Bf8+ Kh5 36. Rxh7+ Kg4 37. Bb5 Rc8 38. Bd6 Re2+ 39. Kf1
Rd2 40. Bd7 Rd8 41. Bxe6+ Kxf4 42. Bd5 Rb2 43. Rf7+ Kg4 44. Bf3+ 1-0

[Event "Superettan(Orebro-Orgryte)"]
[Site "?"]
[Date "2023.01.21"]
[Round "4"]
[White "Vitenberg, Noam Aviv"]
[Black "Drugge, Patrick"]
[Result "1-0"]
[WhiteElo "2308"]
[BlackElo "2206"]
[PlyCount "147"]
[EventDate "2023.??.??"]
[SourceVersionDate "2023.02.11"]

1. d4 d5 2. c4 e6 3. Nc3 c5 4. cxd5 cxd4 5. Qa4+ Bd7 6. Qxd4 exd5 7. Qxd5 Nf6
8. Qb3 Nc6 9. Nf3 Bc5 10. Bg5 Na5 11. Qc2 Qb6 12. e3 Rc8 13. Bd3 h6 14. Bxf6
Qxf6 15. O-O Bb4 16. Ne4 Qe6 17. Qe2 Nc6 18. a3 Be7 19. Ng3 g6 20. Rfd1 Ne5 21.
Bb5 Nxf3+ 22. gxf3 Bc6 23. Bxc6+ Qxc6 24. Rac1 Qxc1 25. Rxc1 Rxc1+ 26. Kg2 O-O
27. Qb5 Rc7 28. Qe5 Rd7 29. Ne4 Rc8 30. f4 a6 31. f5 Rc6 32. Kh3 gxf5 33. Qxf5
Re6 34. b4 Rc7 35. Qg4+ Rg6 36. Qf4 Rd7 37. Qb8+ Kg7 38. Qc8 Rd5 39. Ng3 b5 40.
Qb7 Re5 41. e4 Bg5 42. Nf5+ Rxf5 43. exf5 Rd6 44. Kg2 Bf4 45. Qe7 Rf6 46. Qe4
Bd6 47. Qg4+ Kf8 48. h3 Be7 49. Qe4 Rd6 50. Qe5 Rf6 51. Kf3 Ke8 52. Qb8+ Bd8
53. Ke4 Rb6 54. Qe5+ Kd7 55. Qg7 Ke8 56. Qd4 Rf6 57. Qa7 Rb6 58. Ke5 Rf6 59.
Qb7 Rb6 60. Qc8 Ke7 61. h4 h5 62. f3 Ke8 63. f4 f6+ 64. Kd5 Ke7 65. Qc5+ Ke8
66. Qg1 Kd7 67. Qg6 Rd6+ 68. Ke4 a5 69. Qxh5 axb4 70. axb4 Bb6 71. Qf7+ Kc6 72.
Kf3 Bc7 73. h5 Rd4 74. Qxf6+ 1-0

[Event "Superettan(SS 4 Springare-Burgsvik)"]
[Site "?"]
[Date "2023.01.21"]
[Round "4"]
[White "Jakenberg, Jussi"]
[Black "Fraenkel, Mikael"]
[Result "1-0"]
[WhiteElo "2080"]
[BlackElo "1940"]
[PlyCount "119"]
[SourceVersionDate "2022.10.30"]

1. d4 d5 2. Nf3 e6 3. g3 c5 4. Bg2 Nc6 5. O-O Nf6 6. c4 dxc4 7. Ne5 Nxe5 8.
dxe5 Qxd1 9. Rxd1 Nd7 10. Na3 Nxe5 11. Bf4 Ng6 12. Bc7 Be7 13. Nxc4 O-O 14.
Rac1 a5 15. Nb6 Ra7 16. b3 a4 17. bxa4 e5 18. a5 Be6 19. Nc4 Bc8 20. Bb6 Ra8
21. h4 Re8 22. h5 Nf8 23. Nxe5 Bf6 24. Nd3 Rxe2 25. Nxc5 Rxa2 26. Nxb7 Bg4 27.
Re1 Rb8 28. Nd6 Nd7 29. Re8+ Rxe8 30. Nxe8 Be7 31. Nc7 Bb4 32. Nd5 Be7 33. Bc7
Bc5 34. Ne3 Be6 35. Bc6 Bxe3 36. fxe3 h6 37. Bb7 Nf6 38. a6 Bd5 39. Rd1 Bc4 40.
Rd8+ Kh7 41. Rd6 Ra1+ 42. Kg2 Ng4 43. Be4+ g6 44. hxg6+ fxg6 45. Rxg6 Ra2+ 46.
Kf3 Nh2+ 47. Kf4 Rf2+ 48. Ke5 Nf3+ 49. Bxf3 Rxf3 50. Rb6 Rxg3 51. a7 Rg5+ 52.
Kd4 Bd5 53. Rb8 Bc6 54. a8=Q Rd5+ 55. Kc4 Bxa8 56. Rxa8 Rd1 57. Bf4 Rh1 58.
Ra7+ Kg6 59. Ra6+ Kg7 60. Bxh6+ 1-0

[Event "Superettan(Upsala-Lulea)"]
[Site "?"]
[Date "2023.01.21"]
[Round "4"]
[White "Kashebayev, Azamat"]
[Black "Marklund, Niklas"]
[Result "0-1"]
[WhiteElo "2203"]
[BlackElo "2174"]
[PlyCount "82"]
[SourceVersionDate "2023.02.11"]

1. d4 Nf6 2. c4 e6 3. Nc3 Bb4 4. a3 Bxc3+ 5. bxc3 b6 6. f3 Nc6 7. e4 Ba6 8. e5
Ng8 9. Bd3 Na5 10. Qe2 d5 11. cxd5 Bxd3 12. Qxd3 Qxd5 13. Ne2 Ne7 14. Nf4 Qc4
15. Qxc4 Nxc4 16. Rb1 Nc6 17. Ke2 Rd8 18. Rd1 O-O 19. Nd3 Rd7 20. a4 Rc8 21. f4
Ne7 22. Nb2 Na5 23. Rd3 Nd5 24. Bd2 Nb3 25. Be3 c5 26. dxc5 Nxc5 27. Bxc5 Nxf4+
28. Ke3 Nxd3 29. Nxd3 bxc5 30. Nxc5 Rd5 31. Nd3 g5 32. Rb3 Rc4 33. Nb2 Rxe5+
34. Kd3 Rh4 35. c4 Rxh2 36. Kd4 Re2 37. c5 Rexg2 38. c6 e5+ 39. Kc4 Rc2+ 40.
Rc3 Rxc3+ 41. Kxc3 Rh6 0-1

[Event "Superettan(Orebro-Orgryte)"]
[Site "?"]
[Date "2023.01.21"]
[Round "4"]
[White "Horbing, Stefan"]
[Black "Kumar, Rahul"]
[Result "1-0"]
[WhiteElo "2090"]
[BlackElo "2212"]
[PlyCount "107"]
[SourceVersionDate "2023.02.11"]

1. e4 d6 2. d4 g6 3. Bc4 Bg7 4. Nf3 e6 5. Qe2 a6 6. a4 b6 7. O-O Ne7 8. Bb3 h6
9. h4 Nd7 10. c3 Bb7 11. Bf4 Nf6 12. Nbd2 Nc6 13. Rfd1 Qe7 14. Bc2 e5 15. dxe5
dxe5 16. Bh2 O-O 17. Nc4 Ng4 18. h5 Bc8 19. hxg6 fxg6 20. Bg3 Be6 21. Nh2 h5
22. Nxg4 Bxg4 23. f3 Be6 24. Ne3 Rf7 25. Qe1 Bh6 26. Nd5 Qf8 27. b4 Qg7 28. b5
Na5 29. Qe2 axb5 30. axb5 g5 31. Ne3 g4 32. Nf5 gxf3 33. Qxf3 Qg5 34. Bxe5 Re8
35. Qg3 Bxf5 36. exf5 Qxg3 37. Bxg3 Re2 38. Bd3 Be3+ 39. Kf1 Rb2 40. Rxa5 bxa5
41. Bc4 Bd2 42. Bxc7 Kf8 43. Bxf7 Kxf7 44. Bxa5 Kf6 45. Bd8+ Kxf5 46. c4 Ke4
47. Bf6 Rc2 48. b6 Be3 49. b7 Rf2+ 50. Ke1 Rxg2 51. Rd8 Rg1+ 52. Ke2 Rg2+ 53.
Kd1 Bf4 54. Rd4+ 1-0

[Event "Superettan(SS 4 Springare-Burgsvik)"]
[Site "?"]
[Date "2023.01.21"]
[Round "4"]
[White "Andersson, Bjorn"]
[Black "Zaritovskaja, Margo"]
[Result "1-0"]
[WhiteElo "2172"]
[BlackElo "1983"]
[PlyCount "61"]
[SourceVersionDate "2022.10.30"]

1. e4 c5 2. Nf3 d6 3. d4 cxd4 4. Nxd4 Nf6 5. Nc3 a6 6. Be2 e6 7. O-O Be7 8. Kh1
O-O 9. a4 Nc6 10. f4 Qc7 11. f5 Nxd4 12. Qxd4 Qc5 13. Qd3 b6 14. Be3 Qc7 15.
Rad1 Bb7 16. Bf3 Rac8 17. Qd4 Qc5 18. Qd2 Qb4 19. e5 Bxf3 20. exf6 Bxg2+ 21.
Qxg2 Bxf6 22. Ne4 Bxb2 23. c3 Qxa4 24. Bh6 g6 25. Nf6+ Kh8 26. Qxb2 Qh4 27.
fxe6 Qxh6 28. e7 Rfe8 29. Nxe8 Rxe8 30. Rxf7 Qh5 31. c4+ 1-0

[Event "Superettan(Upsala-Lulea)"]
[Site "?"]
[Date "2023.01.21"]
[Round "4"]
[White "Hart, Alexander"]
[Black "Malm Lindberg, Henrik"]
[Result "1/2-1/2"]
[WhiteElo "1985"]
[BlackElo "2123"]
[PlyCount "52"]
[SourceVersionDate "2023.02.11"]

1. d4 Nf6 2. c4 e6 3. Nc3 Bb4 4. f3 O-O 5. a3 Bxc3+ 6. bxc3 Ne8 7. Nh3 b6 8. e4
Ba6 9. Bd3 Nc6 10. Rb1 Na5 11. Qe2 c5 12. e5 Qh4+ 13. Nf2 Rc8 14. O-O cxd4 15.
g3 Qe7 16. cxd4 Bxc4 17. Bd2 Bxd3 18. Qxd3 Nc6 19. Ne4 f5 20. exf6 Nxf6 21. Bg5
d5 22. Nf2 h6 23. Bf4 Ne8 24. Ng4 Nf6 25. Nf2 Ne8 26. Ng4 Nf6 1/2-1/2

[Event "Superettan(Orebro-Orgryte)"]
[Site "?"]
[Date "2023.01.21"]
[Round "4"]
[White "Arnelind, Mikael"]
[Black "Skoog, Daniel"]
[Result "1/2-1/2"]
[WhiteElo "2195"]
[BlackElo "2043"]
[PlyCount "155"]
[SourceVersionDate "2023.02.11"]

1. d4 d5 2. c4 c6 3. Nc3 Nf6 4. cxd5 cxd5 5. Bf4 Nc6 6. e3 Bf5 7. Qb3 Na5 8.
Qa4+ Bd7 9. Qc2 e6 10. Bd3 Bb4 11. Nge2 Rc8 12. h3 O-O 13. O-O Nc4 14. Bg5 h6
15. Bh4 Be7 16. b3 Nd6 17. Qb2 b5 18. a4 b4 19. Na2 a5 20. f3 g5 21. Bf2 Nh5
22. g4 Ng7 23. Rae1 f5 24. Bg3 h5 25. Be5 Be8 26. Kg2 Bg6 27. Nac1 Qe8 28. gxh5
Nxh5 29. Qb1 Kh7 30. Rg1 Rg8 31. Kh1 Nf7 32. Bh2 Qf8 33. Rg2 Qh6 34. Ng1 Nf6
35. Nce2 Kh8 36. Rc1 Nh5 37. Rxc8 Rxc8 38. Qd1 Kh7 39. Qd2 Bf6 40. Bb1 Qf8 41.
Qd3 Qe8 42. Qa6 Ra8 43. Qb6 Qc8 44. Rf2 Qa6 45. Qxa6 Rxa6 46. Bc7 Bd8 47. Bxd8
Nxd8 48. f4 Nf7 49. Kg2 Rc6 50. Nf3 gxf4 51. exf4 Nf6 52. Rf1 Bh5 53. Rc1 Bxf3+
54. Kxf3 Nd8 55. Rg1 Rc7 56. Ke3 Nf7 57. Bd3 Nd6 58. Rg2 Nde4 59. Rg1 Kh6 60.
Rb1 Kh5 61. Rg1 Kh6 62. Rb1 Kg6 63. Rg1+ Kf7 64. Rb1 Ke8 65. Rc1 Rh7 66. Ng1
Kd7 67. Bb5+ Kd8 68. Rc6 Rc7 69. Rxc7 Kxc7 70. Nf3 Nc3 71. Bd3 Nh5 72. Bc2 Kd6
73. Ne5 Kc7 74. Nf7 Kd7 75. Ne5+ Kc7 76. Nf7 Kd7 77. Ne5+ Kc7 78. Nf7 1/2-1/2

[Event "Superettan(SS 4 Springare-Burgsvik)"]
[Site "?"]
[Date "2023.01.21"]
[Round "4"]
[White "Mattsson, Michael"]
[Black "Tuvesson, Mats"]
[Result "1-0"]
[WhiteElo "2025"]
[BlackElo "2037"]
[PlyCount "63"]
[SourceVersionDate "2023.02.10"]

1. e4 c5 2. Nf3 d6 3. d4 cxd4 4. Qxd4 Nc6 5. Bb5 Bd7 6. Bxc6 Bxc6 7. Nc3 Nf6 8.
Bg5 e6 9. O-O-O Be7 10. Qd3 O-O 11. Nd4 Qa5 12. h4 Rac8 13. Kb1 a6 14. f4 Rfe8
15. f5 e5 16. Nb3 Qd8 17. Bxf6 gxf6 18. Nd2 b5 19. Nf1 b4 20. Nd5 Bxd5 21. Qxd5
Qc7 22. Ne3 Bf8 23. Qd3 d5 24. Nxd5 Qc6 25. g4 Kh8 26. Rh2 Red8 27. g5 a5 28.
Qf3 b3 29. axb3 a4 30. b4 a3 31. bxa3 Qc4 32. Qd3 1-0

[Event "Superettan(Upsala-Lulea)"]
[Site "?"]
[Date "2023.01.21"]
[Round "4"]
[White "Sittenfeld, Johan"]
[Black "Liden, Tommy"]
[Result "1-0"]
[WhiteElo "2127"]
[BlackElo "2056"]
[PlyCount "61"]
[SourceVersionDate "2023.02.11"]

1. d4 d5 2. c4 e6 3. Nf3 c6 4. e3 Nf6 5. Bd3 dxc4 6. Bxc4 b5 7. Bb3 Bb7 8. O-O
c5 9. Qe2 Qb6 10. a4 b4 11. Nbd2 Nbd7 12. a5 Qc7 13. e4 cxd4 14. a6 Bc8 15. e5
d3 16. Qxd3 Nxe5 17. Nxe5 Qxe5 18. Qf3 Rb8 19. Nc4 Qd5 20. Qg3 Rb5 21. Na3 bxa3
22. Bxd5 Nxd5 23. bxa3 Be7 24. a4 Rb6 25. Ba3 Bf6 26. Rab1 Nc3 27. Qc7 Nxb1 28.
Qxc8+ Bd8 29. Rd1 Nd2 30. h3 f6 31. Rxd2 1-0

[Event "Superettan(Orebro-Orgryte)"]
[Site "?"]
[Date "2023.01.21"]
[Round "4"]
[White "Ivraeus, Love"]
[Black "Eksmyr, Johan"]
[Result "1-0"]
[WhiteElo "2053"]
[BlackElo "2097"]
[PlyCount "77"]
[SourceVersionDate "2023.02.11"]

1. d4 Nf6 2. Nf3 g6 3. g3 b5 4. Bg2 Bb7 5. b3 b4 6. c4 bxc3 7. Nxc3 Bg7 8. Bb2
c5 9. dxc5 Ne4 10. Rc1 Qa5 11. Qc2 O-O 12. O-O Nxc5 13. Nd2 Bxg2 14. Kxg2 Ne6
15. Nc4 Qh5 16. Rfd1 Nd4 17. Qe4 Nbc6 18. Nd5 Ne6 19. Bxg7 Kxg7 20. Qe3 Rad8
21. h4 Qf5 22. f3 h6 23. g4 Nf4+ 24. Nxf4 Qf6 25. Qc3 e5 26. Nd5 Qe6 27. Nc7
Qe7 28. Rd6 Rc8 29. Nd5 Qe8 30. Rd1 f6 31. g5 hxg5 32. hxg5 fxg5 33. Nde3 Nd4
34. R6xd4 exd4 35. Qxd4+ Kg8 36. Rh1 Rc6 37. Rh8+ Kf7 38. Rh7+ Ke6 39. Qd5+ 1-0

[Event "Superettan(Rockaden,SthlmII-VasterasII)"]
[Site "?"]
[Date "2023.01.21"]
[Round "4"]
[White "Eriksson, Anders"]
[Black "Bator, Robert"]
[Result "1-0"]
[WhiteElo "2166"]
[BlackElo "2343"]
[PlyCount "122"]
[SourceVersionDate "2023.02.11"]

1. Nf3 d5 2. g3 g6 3. Bg2 Bg7 4. d4 Nf6 5. O-O O-O 6. c4 c6 7. Qb3 dxc4 8. Qxc4
Bf5 9. Bf4 Nbd7 10. Qc1 Re8 11. Nc3 Ne4 12. Nh4 Nxc3 13. bxc3 Bg4 14. f3 Be6
15. e4 Bc4 16. Rd1 Qa5 17. Be3 Nb6 18. Qc2 e6 19. f4 f5 20. e5 Nd5 21. Bd2 c5
22. Nf3 Bf8 23. a4 Rac8 24. Qb2 Nb6 25. Bf1 Bxf1 26. Kxf1 cxd4 27. cxd4 Qd5 28.
Kf2 h6 29. Qb5 Red8 30. Qxd5 Nxd5 31. Rdc1 Kf7 32. Ke2 Be7 33. a5 Ke8 34. Rcb1
Rd7 35. Kd3 Rc6 36. Rb3 Kd8 37. h3 Kc8 38. g4 Bd8 39. Rg1 Ne7 40. gxf5 exf5 41.
Rc3 Rdc7 42. Ne1 Nd5 43. Rxc6 Rxc6 44. Nc2 Be7 45. Rf1 b6 46. axb6 Rxb6 47. Ra1
g5 48. fxg5 Bxg5 49. Kc4 Bxd2 50. Kxd5 a5 51. e6 Bf4 52. Re1 Kd8 53. Kc5 Rb8
54. Ne3 Bg3 55. Ra1 f4 56. Nf5 Rb7 57. Rxa5 Be1 58. Ra8+ Kc7 59. e7 Bb4+ 60.
Kc4 Bxe7 61. Nxe7 Kd6 1-0

[Event "Superettan(Vaxjo-Kamraterna)"]
[Site "?"]
[Date "2023.01.21"]
[Round "4"]
[White "Hamark, Jesper"]
[Black "Solodovnichenko, Yuri"]
[Result "1/2-1/2"]
[WhiteElo "2344"]
[BlackElo "2514"]
[PlyCount "83"]
[SourceVersionDate "2023.02.11"]

1. e4 c5 2. Nc3 Nc6 3. Bb5 Nd4 4. Nf3 e6 5. O-O a6 6. Bd3 Nxf3+ 7. Qxf3 Bd6 8.
b3 Qc7 9. Qh3 Ne7 10. Bb2 Be5 11. Nd1 Ng6 12. g3 b5 13. f4 Bxb2 14. Nxb2 Bb7
15. Rae1 O-O-O 16. Qh5 Kb8 17. a4 d5 18. axb5 axb5 19. e5 c4 20. Be2 Qc5+ 21.
Rf2 Ne7 22. Bf1 Nf5 23. Bg2 Nd4 24. Qxf7 g5 25. b4 Qxb4 26. c3 Qxb2 27. cxd4
Qxd4 28. Qxe6 gxf4 29. gxf4 Rhg8 30. f5 Bc8 31. Qc6 Bb7 32. Qxb5 Rxg2+ 33. Kxg2
Rg8+ 34. Kf1 Qd3+ 35. Ree2 Qh3+ 36. Rg2 d4 37. Ke1 Rxg2 38. Qe8+ Ka7 39. Qa4+
Kb8 40. Qe8+ Ka7 41. Qa4+ Kb8 42. Qe8+ 1/2-1/2

[Event "Superettan(Rockaden,SthlmII-VasterasII)"]
[Site "?"]
[Date "2023.01.21"]
[Round "4"]
[White "Kenneskog, Theodor"]
[Black "Nordebrink, Johan"]
[Result "1-0"]
[WhiteElo "2318"]
[BlackElo "2090"]
[PlyCount "57"]
[SourceVersionDate "2023.02.11"]

1. e4 d5 2. exd5 Nf6 3. Nf3 Nxd5 4. d4 g6 5. c4 Nb6 6. Nc3 Bg7 7. Be3 O-O 8. h3
Nc6 9. Be2 e5 10. d5 Ne7 11. g4 Nd7 12. Qb3 b6 13. O-O-O Ba6 14. h4 Nc8 15. h5
Nd6 16. Nd2 Qe7 17. Nde4 Rfc8 18. Kb1 Bb7 19. Rh3 Rab8 20. hxg6 hxg6 21. Qa3
Qf8 22. Qa4 Nf6 23. Nxd6 Qxd6 24. g5 Nd7 25. Ne4 Qe7 26. Bg4 Rd8 27. Bxd7 Qxd7
28. Qxd7 Rxd7 29. Nf6+ 1-0

[Event "Superettan(Vaxjo-Kamraterna)"]
[Site "?"]
[Date "2023.01.21"]
[Round "4"]
[White "Hillarp, Tiger"]
[Black "Andreasson, Ingvar"]
[Result "1-0"]
[WhiteElo "2508"]
[BlackElo "2327"]
[PlyCount "55"]
[SourceVersionDate "2023.02.11"]

1. d4 Nf6 2. c4 e6 3. Nc3 Bb4 4. Qc2 Nc6 5. Nf3 d5 6. e3 O-O 7. Bd2 Bd7 8. a3
Bxc3 9. Bxc3 a5 10. b3 a4 11. b4 dxc4 12. Bxc4 Na7 13. Bb2 Bb5 14. Bxb5 Nxb5
15. e4 c6 16. O-O Qe7 17. Rad1 Rfd8 18. Rfe1 Qc7 19. g3 Nd7 20. Qe2 Nb6 21. d5
Qd7 22. Ne5 Qe8 23. dxc6 bxc6 24. Qe3 Rxd1 25. Rxd1 f6 26. Qxb6 fxe5 27. Bxe5
Nxa3 28. Qb7 1-0

[Event "Superettan(Rockaden,SthlmII-VasterasII)"]
[Site "?"]
[Date "2023.01.21"]
[Round "4"]
[White "Backman, Andreas"]
[Black "Hedman, Erik"]
[Result "0-1"]
[WhiteElo "2121"]
[BlackElo "2314"]
[PlyCount "80"]
[SourceVersionDate "2023.02.11"]

1. e4 d6 2. d4 Nf6 3. Nc3 e5 4. f4 exd4 5. Qxd4 Nc6 6. Qf2 Be7 7. Be2 O-O 8.
Be3 Bd7 9. O-O-O b5 10. e5 dxe5 11. Bf3 Bd6 12. Nxb5 Rb8 13. Nxd6 cxd6 14. Qd2
Qc8 15. Bxc6 Bxc6 16. Nf3 Ne4 17. Qa5 Rb5 18. Qa3 exf4 19. Bd4 a5 20. Rhe1 a4
21. Kb1 Qb7 22. Ka1 Rb8 23. Nd2 h6 24. Nxe4 Bxe4 25. Rd2 f5 26. c4 Rb4 27. Bc3
Rxc4 28. Rxd6 Qe7 29. Red1 Qf8 30. Rc1 Bxg2 31. Rg6 Qxa3 32. bxa3 Be4 33. Rxg7+
Kf8 34. Rgg1 Rbc8 35. Kb2 f3 36. Bb4+ Kf7 37. Rc3 Rxc3 38. Bxc3 Bd3 39. Rg7+
Kf8 40. Rh7 Rxc3 0-1

[Event "Superettan(Vaxjo-Kamraterna)"]
[Site "?"]
[Date "2023.01.21"]
[Round "4"]
[White "Svenn, Gosta"]
[Black "Golubka, Petro"]
[Result "1-0"]
[WhiteElo "2269"]
[BlackElo "2374"]
[PlyCount "103"]
[SourceVersionDate "2023.02.11"]

1. d4 Nf6 2. c4 e6 3. Nf3 Bb4+ 4. Bd2 a5 5. g3 O-O 6. Bg2 b6 7. O-O Bb7 8. Nc3
Re8 9. Qc2 Bxc3 10. Bxc3 Be4 11. Qd2 d5 12. cxd5 exd5 13. Rac1 Na6 14. b3 h6
15. Bb2 c5 16. dxc5 bxc5 17. Bxf6 Qxf6 18. Qxa5 d4 19. Rfe1 g5 20. Nd2 Bxg2 21.
Kxg2 d3 22. Qb5 dxe2 23. Rxe2 Rxe2 24. Qxe2 Qb2 25. Qe4 Rd8 26. Rc2 Qf6 27. Nf3
Rd1 28. h4 Kg7 29. Qg4 Qg6 30. Re2 gxh4 31. Qxg6+ fxg6 32. Nxh4 Rd6 33. f4 Nb4
34. Nf3 Ra6 35. a4 Rd6 36. Rd2 Rb6 37. Ne5 Na6 38. Rd7+ Kf6 39. a5 Rxb3 40.
Rd6+ Kf5 41. Rxa6 g5 42. Rc6 gxf4 43. gxf4 Kxf4 44. Rxc5 h5 45. Nc6 h4 46. a6
Kg4 47. Rc4+ Kg5 48. a7 Rb2+ 49. Kf3 Rb3+ 50. Ke4 Ra3 51. Rc5+ Kg4 52. Ra5 1-0

[Event "Superettan(Rockaden,SthlmII-VasterasII)"]
[Site "?"]
[Date "2023.01.21"]
[Round "4"]
[White "Crevatin, Leo"]
[Black "Bjorkman, Filip"]
[Result "1-0"]
[WhiteElo "2313"]
[BlackElo "2040"]
[PlyCount "47"]
[SourceVersionDate "2023.02.11"]

1. d4 Nf6 2. c4 g6 3. f3 d5 4. cxd5 Nxd5 5. e4 Nb6 6. Nc3 Bg7 7. Be3 O-O 8. Qd2
e5 9. d5 c6 10. h4 cxd5 11. exd5 N8d7 12. h5 Nf6 13. hxg6 fxg6 14. O-O-O Bd7
15. g4 Rc8 16. Kb1 Rf7 17. Nh3 Rxc3 18. Bxb6 Qxb6 19. Qxc3 e4 20. Bc4 Qd6 21.
Ng5 Nxg4 22. Nxf7 Kxf7 23. Rxh7 Nf6 24. Rxg7+ 1-0

[Event "Superettan(Vaxjo-Kamraterna)"]
[Site "?"]
[Date "2023.01.21"]
[Round "4"]
[White "Rydstrom, Tom"]
[Black "Svensson, Bengt"]
[Result "0-1"]
[WhiteElo "2306"]
[BlackElo "2317"]
[PlyCount "112"]
[SourceVersionDate "2023.02.11"]

1. e4 c5 2. Nf3 Nc6 3. d4 cxd4 4. Nxd4 Nf6 5. Nc3 e5 6. Ndb5 d6 7. Bg5 a6 8.
Na3 b5 9. Nd5 Be7 10. Bxf6 Bxf6 11. c4 Nd4 12. Bd3 Bb7 13. O-O Bxd5 14. exd5
Qb6 15. Nc2 O-O 16. cxb5 axb5 17. Nb4 g6 18. Rc1 Bg5 19. Rc3 f5 20. a3 Rac8 21.
Nc6 Nxc6 22. dxc6 Rxc6 23. Qb3+ Kg7 24. Rxc6 Qxc6 25. Bxb5 Qc5 26. a4 d5 27.
Rd1 d4 28. Qc4 Qxc4 29. Bxc4 Ra8 30. Bb5 Rc8 31. b3 Rc2 32. g3 Bd2 33. Rb1 Bb4
34. Ra1 Bc3 35. Rb1 e4 36. b4 d3 37. a5 d2 38. Rd1 Bxb4 39. a6 Bc5 40. Kf1 g5
41. Ba4 Ra2 42. Bb3 Rb2 43. Bd5 Kf6 44. Ke2 Ke5 45. Bg8 h6 46. Rxd2 Rxd2+ 47.
Kxd2 Bxf2 48. Ke2 Bc5 49. Bb3 f4 50. gxf4+ gxf4 51. Kf1 f3 52. h4 h5 53. a7
Bxa7 54. Bf7 Kf4 55. Bxh5 e3 56. Ke1 Bc5 0-1

[Event "Superettan(Rockaden,SthlmII-VasterasII)"]
[Site "?"]
[Date "2023.01.21"]
[Round "4"]
[White "Carlsson, Andreas"]
[Black "Eriksson, Dan"]
[Result "0-1"]
[WhiteElo "2243"]
[BlackElo "1911"]
[PlyCount "76"]
[SourceVersionDate "2023.02.11"]

1. e4 e5 2. Nf3 Nc6 3. Bb5 a6 4. Ba4 Nf6 5. O-O Be7 6. Re1 b5 7. Bb3 O-O 8. a4
b4 9. a5 Bb7 10. d3 d5 11. exd5 Nxd5 12. Nxe5 Nxe5 13. Rxe5 Bf6 14. Re1 Bd4 15.
Nd2 Qh4 16. Ne4 h6 17. Ra4 Rae8 18. g3 Qh3 19. c3 Rxe4 20. dxe4 Bxf2+ 21. Kxf2
Qxh2+ 22. Kf3 Nf6 23. Rxb4 Bc8 24. e5 Qh5+ 25. Kf2 Qh2+ 26. Ke3 c5 27. Qf3 cxb4
28. Rh1 Ng4+ 29. Kd4 Bb7 30. Qxb7 Qxg3 31. e6 Rd8+ 32. Kc4 fxe6 33. Kxb4 Rb8
34. Bxe6+ Kh8 35. Qxb8+ Qxb8+ 36. Kc4 Qb5+ 37. Kd4 Qe5+ 38. Kd3 Nf2+ 0-1

[Event "Superettan(Vaxjo-Kamraterna)"]
[Site "?"]
[Date "2023.01.21"]
[Round "4"]
[White "Svenn, Matti"]
[Black "Lindberg, Bengt"]
[Result "1-0"]
[WhiteElo "2170"]
[BlackElo "2351"]
[PlyCount "117"]
[SourceVersionDate "2023.02.11"]

1. e4 c5 2. Nf3 e6 3. d4 cxd4 4. Nxd4 Nc6 5. Nc3 Qc7 6. Be3 a6 7. a3 Nf6 8. f4
d5 9. e5 Nd7 10. Qd2 Be7 11. Be2 O-O 12. O-O Nb6 13. Kh1 f6 14. exf6 Bxf6 15.
Nxc6 bxc6 16. Bc5 Re8 17. Bd4 Bxd4 18. Qxd4 c5 19. Qd3 Bb7 20. Bf3 Rad8 21.
Rae1 g6 22. Bg4 Qf7 23. Qe2 Bc8 24. Qf2 Nd7 25. Re2 Nf6 26. Bh3 Qc7 27. Rfe1
Qd6 28. Re5 Re7 29. Qe2 Rde8 30. b3 Kf8 31. Qd2 Qc6 32. a4 Bb7 33. Qd3 Nh5 34.
Qd2 Ng7 35. Qe2 Qc7 36. Qg4 Kg8 37. Qg5 Qd6 38. Rd1 Qc7 39. Rde1 Qd6 40. Rd1
Qc6 41. Nxd5 exd5 42. Rxe7 Rxe7 43. Qxe7 h5 44. Bd7 Qb6 45. a5 Qb4 46. Be6+
Nxe6 47. Qxe6+ Kg7 48. f5 gxf5 49. Qxf5 Qg4 50. Qxg4+ hxg4 51. Rf1 Bc8 52. Rf4
Be6 53. Kg1 Kg6 54. Kf2 Bf5 55. c3 Kg5 56. Kg3 Kf6 57. b4 c4 58. b5 d4 59. b6
1-0